[Event "Abakan Sayany op"]
[Site "Abakan"]
[Date "2013.08.09"]
[Round "8"]
[White "Koshevaya, Anna"]
[Black "Balahchin, Vladimir"]
[Result "0-1"]
[WhiteElo "1713"]
[BlackElo "1973"]
[PlyCount "154"]
[EventDate "2013.08.02"]
[EventType "swiss"]
[EventRounds "9"]
[EventCountry "RUS"]
[SourceTitle "CBM 155 Extra"]
[Source "ChessBase"]
[SourceDate "2013.08.26"]
[SourceVersion "1"]
[SourceVersionDate "2013.08.26"]
[SourceQuality "1"]

1. d4 e5 2. dxe5 Nc6 3. Nf3 Nge7 4. c4 Ng6 5. Nc3 Ngxe5 6. e3 Bb4 7. Bd2 0-0 8. Be2 Re8 9. Nxe5 Nxe5 10. a3 Bf8 11. 0-0 d6 12. Nb5 Be6 13. b3 Bf5 14. Nd4 Be4 15. f3 Bd3 16. Bc3 Bxe2 17. Nxe2 Qh4 18. Ng3 g6 19. Qd4 Qxd4 20. exd4 Nd7 21. Rae1 Bg7 22. Ba1 d5 23. cxd5 Nb6 24. d6 cxd6 25. Ne4 Rad8 26. Kf2 Nd5 27. g3 h6 28. Nd2 b5 29. Rxe8+ Rxe8 30. Rc1 b4 31. a4 Nc3 32. Bxc3 bxc3 33. Ne4 Bxd4+ 34. Kf1 Rb8 35. Nxd6 Rxb3 36. Nb5 Bf6 37. Nxa7 Rb2 38. Nb5 Rxh2 39. Kg1 Rd2 40. Nxc3 Bd4+ 41. Kh1 Rd3 42. Nb5 Bf2 43. Kg2 Rd2 44. Rc8+ Kg7 45. Ra8 Bb6+ 46. Kh3 Ra2 47. Nd6 h5 48. Ne4 Bg1 49. g4 Rh2+ 50. Kg3 h4+ 51. Kf4 Rc2 52. Kg5 h3 53. Nd6 h2 54. Ne8+ Kf8 55. Nf6+ Ke7 56. Re8+ Kd6 57. Ne4+ Kd7 58. Rh8 Be3+ 59. f4 Bd4 60. Rh3 Ke7 61. Kh4 Re2 62. Ng3 Ra2 63. Nf1 Bg1 64. a5 Ra3 65. Rxh2 Bxh2 66. Nxh2 Rxa5 67. Nf3 Ra4 68. Kg3 Kf6 69. g5+ Kf5 70. Nh4+ Ke4 71. Kg4 Ra2 72. Kg3 Ra3+ 73. Kg4 Ra1 74. Kg3 Rg1+ 75. Kh2 Rg4 76. Ng2 Rxg2+ 77. Kxg2 Kxf4 0-1

[Event "Abakan Sayany op"]
[Site "Abakan"]
[Date "2013.08.07"]
[Round "6"]
[White "Gorbunov, Grigory"]
[Black "Balahchin, Vladimir"]
[Result "1-0"]
[WhiteElo "1865"]
[BlackElo "1973"]
[PlyCount "119"]
[EventDate "2013.08.02"]
[EventType "swiss"]
[EventRounds "9"]
[EventCountry "RUS"]
[SourceTitle "CBM 155 Extra"]
[Source "ChessBase"]
[SourceDate "2013.08.26"]
[SourceVersion "1"]
[SourceVersionDate "2013.08.26"]
[SourceQuality "1"]

1. c4 e5 2. Nc3 Nc6 3. g3 Nd4 4. e3 Ne6 5. Bg2 c6 6. Nge2 Nf6 7. 0-0 Be7 8. d4 exd4 9. exd4 d5 10. cxd5 cxd5 11. Qb3 Nc7 12. Bf4 0-0 13. Bxc7 Qxc7 14. Nf4 Be6 15. Nfxd5 Nxd5 16. Nxd5 Bxd5 17. Bxd5 Bf6 18. Rac1 Qd7 19. Qxb7 Qxb7 20. Bxb7 Rab8 21. Rc7 Bxd4 22. b3 Bb6 23. Rd7 Rfd8 24. Rfd1 Rxd7 25. Rxd7 Rd8 26. Rxd8+ Bxd8 27. Kg2 Kf8 28. f4 Ke7 29. Bd5 Ba5 30. Kf3 Bc3 31. Ke4 h6 32. Kd3 Be1 33. Kc4 f6 34. Be4 Kd6 35. b4 Bf2 36. a4 Bg1 37. h3 Bh2 38. g4 Bxf4 39. h4 g5 40. h5 Be3 41. Kb5 Kc7 42. Kc4 Bd2 43. Kc5 Be3+ 44. Kd5 Bd2 45. b5 Kd7 46. Bf5+ Ke7 47. Kc6 Ba5 48. Kb7 Bb6 49. Ka6 Kd8 50. a5 Bd4 51. Kb7 Ke7 52. b6 axb6 53. a6 b5 54. a7 Bxa7 55. Kxa7 Kd6 56. Kb6 b4 57. Kb5 b3 58. Kb4 b2 59. Kb3 b1Q+ 60. Bxb1 1-0

[Event "Abakan Sayany op"]
[Site "Abakan"]
[Date "2013.08.04"]
[Round "3"]
[White "Balahchin, Vladimir"]
[Black "Sambursky, Vladimir"]
[Result "0-1"]
[WhiteElo "1973"]
[BlackElo "2253"]
[PlyCount "76"]
[EventDate "2013.08.02"]
[EventType "swiss"]
[EventRounds "9"]
[EventCountry "RUS"]
[SourceTitle "CBM 155 Extra"]
[Source "ChessBase"]
[SourceDate "2013.08.26"]
[SourceVersion "1"]
[SourceVersionDate "2013.08.26"]
[SourceQuality "1"]

1. e4 e5 2. d4 exd4 3. c3 d5 4. exd5 Nf6 5. Nf3 Nxd5 6. Nxd4 Nf6 7. Qf3 Bc5 8. Bb5+ c6 9. Nxc6 bxc6 10. Bxc6+ Nxc6 11. Qxc6+ Nd7 12. Qxa8 Qe7+ 13. Be3 0-0 14. 0-0 Ba6 15. Bxc5 Qe2 16. Qxf8+ Nxf8 17. Na3 Ne6 18. Rfe1 Qg4 19. Nc2 Qf5 20. Nb4 Bb7 21. Bd6 h5 22. Re5 Qg4 23. Nd5 Ng5 24. Ne3 Nh3+ 25. Kf1 Ba6+ 26. c4 Bxc4+ 27. Nxc4 Qxc4+ 28. Ke1 Qc6 29. Rd1 Qxg2 30. Re2 Ng5 31. Kd2 Qc6 32. Ba3 Nf3+ 33. Ke3 Nxh2 34. Rd8+ Kh7 35. Kd2 Nf3+ 36. Kd1 Qa4+ 37. Kc1 Qc4+ 38. Kd1 Nd4 0-1